The New Age and you / (Record no. 50794)
[ view plain ]
| 000 -LEADER | |
|---|---|
| fixed length control field | 00938nam a2200277 a 4500 |
| 003 - CONTROL NUMBER IDENTIFIER | |
| control field | IeDuTC |
| 005 - DATE AND TIME OF LATEST TRANSACTION | |
| control field | 20211213141436.0 |
| 008 - FIXED-LENGTH DATA ELEMENTS--GENERAL INFORMATION | |
| fixed length control field | 000000s1992 enk 0 eng |
| 020 ## - INTERNATIONAL STANDARD BOOK NUMBER | |
| International Standard Book Number | 0860658627 |
| 035 00 - SYSTEM CONTROL NUMBER | |
| System control number | 1762723 |
| 040 ## - CATALOGING SOURCE | |
| Original cataloging agency | Uk |
| Modifying agency | IeDuTC |
| 049 00 - LOCAL HOLDINGS (OCLC) | |
| Local processing data | e |
| 100 1# - MAIN ENTRY--PERSONAL NAME | |
| Personal name | Ellis, Roger, |
| Dates associated with a name | 1943 May 18- |
| 245 14 - TITLE STATEMENT | |
| Title | The New Age and you / |
| Statement of responsibility, etc | Roger Ellis and Andrea Clarke. |
| 260 ## - PUBLICATION, DISTRIBUTION, ETC. (IMPRINT) | |
| Place of publication, distribution, etc | Eastbourne : |
| Name of publisher, distributor, etc | Kingsway, |
| Date of publication, distribution, etc | 1992. |
| 300 ## - PHYSICAL DESCRIPTION | |
| Extent | 189 p. ; |
| Dimensions | 18 cm. |
| 336 ## - CONTENT TYPE | |
| Content Type Term | text |
| 337 ## - MEDIA TYPE | |
| Media Type Term | unmediated |
| 338 ## - CARRIER TYPE | |
| Carrier Type Term | volume |
| 505 ## - FORMATTED CONTENTS NOTE | |
| Formatted contents note | Introducing the New Age -- Parlez-vous New Age? -- Life through a New Age lens -- P-pick up a pagan -- How many holes are in Holism? -- New ideas for old -- Politics, power and the planet -- The choice -- Where do we go from here? |
| 650 #0 - SUBJECT ADDED ENTRY--TOPICAL TERM | |
| Topical term or geographic name as entry element | New Age movement. |
| 650 #0 - SUBJECT ADDED ENTRY--TOPICAL TERM | |
| Topical term or geographic name as entry element | Spiritual life -- |
| General subdivision | New Age movement. |
| 700 1# - ADDED ENTRY--PERSONAL NAME | |
| Personal name | Clarke, Andrea. |
| 942 ## - ADDED ENTRY ELEMENTS (KOHA) | |
| Source of classification or shelving scheme | Library of Congress Classification |
| Item type | Books |
| 945 ## - LOCAL PROCESSING INFORMATION (OCLC) | |
| a | PB-116-178 |
| Withdrawn status | Lost status | Source of classification or shelving scheme | Damaged status | Not for loan | Home library | Current library | Shelving location | Date acquired | Source of acquisition | Inventory number | Total Checkouts | Full call number | Barcode | Date last seen | Price effective from | Koha item type |
|---|---|---|---|---|---|---|---|---|---|---|---|---|---|---|---|---|
| Library of Congress Classification | BSOP Library | BSOP Library | GC | 12/13/2021 | Hilfe Fur Bruder | 16809 | BP605.N48 El5 1992 | 00004301 | 12/13/2021 | 12/13/2021 | Books |
